UBT Library

DISASTER MENATL HEALTH (Record no. 58769)

000 -LEADER
fixed length control field 00313nam a22001457a 4500
008 - FIXED-LENGTH DATA ELEMENTS--GENERAL INFORMATION
fixed length control field 221107b ||||| |||| 00| 0 eng d
020 ## - INTERNATIONAL STANDARD BOOK NUMBER
International Standard Book Number 2740371150390
041 ## - LANGUAGE CODE
Language code of text/sound track or separate title eng
080 ## - UNIVERSAL DECIMAL CLASSIFICATION NUMBER
Universal Decimal Classification number 61
082 ## - DEWEY DECIMAL CLASSIFICATION NUMBER
Classification number 61 HAL
100 ## - Rafti
Rafti 4
101 ## - Shkurtesa
Shkurtesa MJKS
245 ## - TITLE STATEMENT
Title DISASTER MENATL HEALTH
Statement of responsibility, etc HALPERN J
942 ## - ADDED ENTRY ELEMENTS (KOHA)
Source of classification or shelving scheme
Item type Books
Holdings
Withdrawn status Lost status Source of classification or shelving scheme Damaged status Not for loan Collection code Permanent location Current location Date acquired Total Checkouts Full call number Barcode Date last seen Price effective from Koha item type
          Koleksioni i përgjithshem UBT - Lipjan UBT - Lipjan 11/07/2022   61 HAL 002-800028700260483 11/07/2022 11/07/2022 Books
UBT Library © 2015-2024. All rights reserved University Education for Business and Technology